|
|
|
|
| LEADER |
00000nam a2200000 a 4500 |
| 001 |
vtls010474433 |
| 003 |
SK-MaSNL |
| 005 |
20260425235814.0 |
| 008 |
240315s2012 xo aol f 000 0 slo |
| 015 |
|
|
|a SNB22013
|
| 020 |
|
|
|a 9788080761035
|q (viaz.)
|
| 035 |
|
|
|a 3FC1621B-CD5D-4237-A389-F346050D68CD
|
| 035 |
|
|
|a urn:nbn:sk:snk-amld3x
|
| 035 |
|
|
|a urn:nbn:sk:snk-am0090j7
|
| 040 |
|
|
|a SNK
|b slo
|c SNK
|e AACR2
|
| 041 |
0 |
|
|a slo
|
| 043 |
|
|
|a e-xo---
|
| 044 |
|
|
|a xo
|c SK
|
| 072 |
|
7 |
|a 72
|x Architektúra
|2 konspekt
|
| 080 |
|
|
|a 729.95
|2 2001
|
| 080 |
|
|
|a (437.6)
|2 2001
|
| 080 |
|
|
|a (048.8)
|2 2001
|
| 080 |
|
|
|a (084.12)
|2 2001
|
| 100 |
1 |
|
|a Paulík, Peter
|4 aut
|9 46186
|
| 245 |
1 |
0 |
|a Mosty na území Slovenska
|b [história a súčasnosť viac ako 250 najkrajších mostov Slovenska]
|c Peter Paulík
|
| 260 |
|
|
|a Bratislava
|b Jaga group
|c 2012
|
| 300 |
|
|
|a 258 s.
|b fotogr., ilustr., sch., tab.
|c 28 cm
|
| 504 |
|
|
|a Bibliogr. s. 257
|
| 650 |
0 |
7 |
|a mosty
|2 SNKPH
|9 3015
|
| 650 |
0 |
7 |
|a Bridges
|2 SNKPHeng
|9 307418
|
| 651 |
|
7 |
|a Slovensko
|2 SNKPH
|9 14231
|
| 651 |
|
7 |
|a Slovakia
|2 SNKPHeng
|9 92630
|
| 655 |
|
7 |
|a monografie
|2 SNKPH
|9 70139
|
| 655 |
|
7 |
|a fotografické publikácie
|2 SNKPH
|9 70483
|
| 655 |
|
7 |
|a Monographs
|2 SNKPHeng
|9 120675
|
| 655 |
|
7 |
|a Photographical works
|2 SNKPHeng
|9 278887
|
| 852 |
|
|
|a Štátna vedecká knižnica v Banskej Bystrici
|
| 919 |
|
|
|a 978-80-8076-103-5
|
| 958 |
|
|
|a NB
|
| 999 |
|
|
|c 838696
|d 840626
|
| 952 |
|
|
|a SNK
|b SNK
|y PREZ
|7 0
|p 17A1059089
|o snkSB 84161
|i snk2012/24929
|8 0
|0 0
|1 0
|4 0
|d 2012-12-03
|f 1
|l 0
|r 2025-05-06 00:00:00
|w 2026-02-24
|
| 952 |
|
|
|a SNK
|b SNK
|y VYP
|7 0
|p 17A1059090
|o snkSB 84161 D1
|i snk2012/24931
|8 0
|0 0
|1 0
|4 0
|d 2012-12-03
|l 0
|r 2016-06-30 00:00:00
|w 2026-02-24
|